Gaming Quiz

Random Gaming or Video Games Quiz

Nintendo 'DS' Games Quiz Stats

 Plays Quiz Updated Mar 19, 2017

Support Sporcle.
Go Orange.
Score 0/22 Timer 06:00
0 Plays Today
% Correct
Dr. Seuss
66.6%
Disc Sports
48.9%
Deep Sea
41.6%
Digging Strike
39.5%
Dawn of Sorrow
37.1%
Drill Spirits
36.3%
Deadly Secret
32.6%
Dual Strike
27.2%
Detective Story
24.2%
Devil Survivor
24%
Dragon Sword
23.7%
% Correct
Deadly Silence
23.5%
Dual Shot
21.4%
Dance Squad
21.2%
Dark Souls
20.3%
Demon Seal
19.1%
Double Smash
19.1%
Dragon Song
12%
Destiny's Soldier
10.9%
Dual Sympathy
9.8%
Double Shift
9%
Dust Strikers
8.3%

You're not logged in!

Compare scores with friends on all Sporcle quizzes.
OR
Log In
Forgot?

From the Vault

Top 100 Bands (1981)

by Alex951998

1981 was definitely the year that inspired Justin Bieber's new haircut.
Remove Ads.
Support Sporcle.
Get the best of Sporcle when you Go Orange. This ad-free experience offers more features, more stats, and more fun while also helping to support Sporcle. Thank you for becoming a member.

Show Comments

Extras

Top Quizzes Today


Score Distribution

Your Account Isn't Verified!

In order to create a playlist on Sporcle, you need to verify the email address you used during registration. Go to your Sporcle Settings to finish the process.

Report this User

Report this user for behavior that violates our Community Guidelines.

Details: